UCL Mannschaften 2024/25 - Statistiken

Allgemein
  • Dieses Quiz wurde 93 mal gespielt
  • Das Durchschnittsergebnis liegt bei 27 aus 36
Antwortstatistiken
Hint Antwort % Korrekt
Bundesliga Borussia Dortmund
100%
Bundesliga FC Bayern
100%
Ligue 1 Paris Saint-German
98%
Bundesliga Bayer 04 Leverkusen
95%
La Liga FC Barcelona
95%
Serie A Inter Mailand
95%
Premier League Manchester City
94%
La Liga Real Madrid
94%
Bundesliga RB Leipzig
93%
Serie A AC Mailand
91%
Premier League FC Liverpool
90%
Bundesliga VFB Stuttgart
90%
Serie A Juventus Turin
88%
La Liga Atletico Madrid
86%
Liga Portugal Sporting Lissabon
86%
Liga Portugal Benfica Lissabon
85%
Premier League FC Arsenal
83%
Österreich FC Red Bull Salzburg
79%
Schottland Celtic Glasgow
74%
Eredivisie Feyenoord Rotterdam
74%
Eredivisie PSV Eindhoven
73%
Premier League Aston Villa
69%
Österreich SK Sturm Graz
68%
Tschechien AC Sparta Prag
65%
Serie A Atalanta Bergamo
65%
Schweiz BSC Young Boys
65%
Kroatien GNK Dinamo Zagreb
65%
Ligue 1 AS Monaco
64%
Belgien Club Brügge
64%
Ligue 1 LOSC Lille
64%
Serbien Roter Stern Belgrad
61%
Slowakei Slovan Bratislava
49%
Serie A FC Bologna
46%
La Liga FC Girona
45%
Ligue 1 Stade Brest 29
44%
Ukraine Shakhtar Donetsk
29%
Keine übereinstimmenden Quizze gefunden
Verteilung der Resultate
Anzahl Personen mit jedem Resultat
Perzentil nach korrekt beantworteten Fragen
Ihre Resultats-Entwicklung
Sie haben dieses Quiz noch nicht gespielt